000 08886cam a2200469Ia 4500
999 _c2937
_d2937
001 ocn835404734
003 TZ-ArACH
005 20200302150834.0
008 130402s2012 fr b 001 0 fre d
020 _a9782233006585
020 _a2233006585
035 _a(OCoLC)835404734
040 _aTZT
_beng
_cTZ-ArACH
_dOCLCQ
041 _aFr
049 _aTZAA
050 4 _aKZ7050
_b.D76
082 1 4 _a341
245 _aDroit international pénal /
_csous la direction de Hervé Ascensio, Emmanuel Decaux, Alain Pellet ; CEDIN.
250 0 0 _a2ème éd. révisée.
260 _aParis :
_bPedone,
_c2012.
300 _a1279 pages ;
_c24 cm
504 _aIncludes bibliographical references (pages 1169-1179) and indexes.
505 _tIntroduction /
_rH. Ascensio,
_rE. Decaux,
_rA. Pellet --
_tTitre préliminaire: La formation du droit international pénal --
_tHistorique /
_rS. Szurek --
_tLa cristallisation coutumière /
_rC. Tomuschat --
_tLes traités /
_rA. Mahiou,
_rJ.-C. Martin --
_tLe rôle relatif des différentes sources du droit international (dont les principes généraux de droit) /
_rB. Simma,
_rA. Paulus --
_tNormes internationales pénales et droit impératif (jus cogens) /
_rP.-M. Dupuy --
_tPremière partie : Les infractions internationales --
_tPrésentation de la 1ère partie : Essai de classification et principe de légalité /
_rH. Ascensio,
_rE. Decaux,
_rA. Pellet --
_gTitre 1.
_tLes crimes contre la paix et la sécurité de l'humanité --
_tLes crimes contre l'humanité /
_rM. Bettati --
_tLe génocide /
_rW. Schabas --
_tLes crimes de guerre /
_rG. Abi-Saab,
_rR.-M. Abi-Saab --
_tLe crime d'agression /
_rC. Bertrand --
_gTitre 2.
_tLes autres infractions internationalement définies --
_tLes infractions relatives à la protection des individus et des peuples --
_tLa traite des êtres humains, l'esclavage, les institutions et pratiques analogues /
_rE. Jos --
505 0 0 _tIntroduction /
_rH. Ascensio,
_rE. Decaux,
_rA. Pellet --
_tTitre préliminaire: La formation du droit international pénal --
_tHistorique /
_rS. Szurek --
_tLa cristallisation coutumière /
_rC. Tomuschat --
_tLes traités /
_rA. Mahiou,
_rJ.-C. Martin --
_tLe rôle relatif des différentes sources du droit international (dont les principes généraux de droit) /
_rB. Simma,
_rA. Paulus --
_tNormes internationales pénales et droit impératif (jus cogens) /
_rP.-M. Dupuy --
_tPremière partie : Les infractions internationales --
_tPrésentation de la 1ère partie : Essai de classification et principe de légalité /
_rH. Ascensio,
_rE. Decaux,
_rA. Pellet --
_gTitre 1.
_tLes crimes contre la paix et la sécurité de l'humanité --
_tLes crimes contre l'humanité /
_rM. Bettati --
_tLe génocide /
_rW. Schabas --
_tLes crimes de guerre /
_rG. Abi-Saab,
_rR.-M. Abi-Saab --
_tLe crime d'agression /
_rC. Bertrand --
_gTitre 2.
_tLes autres infractions internationalement définies --
_tLes infractions relatives à la protection des individus et des peuples --
_tLa traite des êtres humains, l'esclavage, les institutions et pratiques analogues /
_rE. Jos --
505 8 0 _tLes infractions relatives aux échanges internationaux --
_tLe commerce illicite dans les conventions à finalité environnementale /
_rPh. Guttinger --
_tLe commerce illicite des biens culturels /
_rC. Bories --
_tLa circulation et le trafic des publications obscènes /
_rA. De Andrade --
_tLe trafic illicite de stupéfiants /
_rS. El Zein --
_tLes infractions relatives aux télécommunications, à l'informatique et à l'internet /
_rB. Tchikaya --
_tLa lutte contre la corruption transnationale /
_rL. Lankarani --
_tDeuxième partie: Les formes de responsabilité --
_tPrésentation de la 2ème partie /
_rH. Ascensio,
_rE. Decaux,
_rA. Pellet --
_gTitre 1.
_tLa responsabilité pénal internationale --
_tLes caractéristiques de la responsabilité pénale internationale --
_tLes personnes pénalement responsables /
_rA.-L. Vaurs-Chaumette --
_tLes modes individuels de participation à l'infraction (action, co-action, complicité) /
_rR. Prouvèze --
_tLes modes collectifs de participation à l'infraction (entreprise criminelle commune, conspiracy) /
_rP. Beauvais,
_rA. Khalifa --
_tLes crimes d'omission /
_rS. Zappalà --
_tLes causes d'exonération de responsabilité /
_rC. Dubois,
_rJ. Vailhé --
_tObstacles juridiques et alternatives à l'engagement de la responsabilité pénale internationale --
_tLes immunités pénales des agents de l'Etat et des organisations internationales /
_rE. Decaux,
_rL. Trigeaud --
_tLes amnisties /
_rT. Dal Maso Jardin --
_tPresciption et imprescriptibilité /
_rV. Malabat --
_tLa justice transitionnelle (commissions dites "vérité et réconciliation") /
_rM. Eudes --
_gTitre 2.
_tLes autres formes de responsabilité susceptibles de résulter de la commission d'une infraction internationale --
_tLa responsabilité internationale de l'Etat et des organisations internationales --
_tLa responsabilité de l'Etat pour commission d'une infraction internationale /
_rA. Pellet --
_tLa responsabilité de l'Etat pour absence de prévention et de répression des crimes internationaux /
_rL.A. Sicilianos --
_tLa responsabilité de l'Etat pour absence de coopération /
_rE. David --
_tLa responsabilité des organisations internationales /
_rP. Daillier --
_tQuelle responsabilité pour les entités politiques de facto? /
_rR. Prieto Sanjuan --
_tLa responsabilité civile et les mécanismes de réparation --
_tLa responsabilité des personnes privées devant les juridictions civiles étatiques /
_rE. Castellarin --
_tLa responsabilité des Etats et des organisations internationales devant les juridictions civiles étatiques /
_rA. Ollivier --
_tLes accords interétatiques de restitution et/ou d'indemnisation /
_rP. d'Argent --
_tLes fonds internationaux en faveur des victimes /
_rF. Parodi.
505 8 0 _tTroisième partie: Le système international de justice pénale --
_tPrésentation de la 3ème partie /
_rH. Ascensio,
_rE. Decaux,
_rA. Pellet --
_gTitre 1.
_tLa justice internationale --
_tLes organes internationaux et internationalisés --
_tL'expérience des premières juridictions pénales internationales /
_rC. Bassiouni --
_tLes réactions des organes politiques internationaux /
_rE. Cujo,
_rM. Forteau --
_tLes commissions internationales d'enquête et d'établissement des faits /
_rS. Barbier --
_tLes tribunaux ad hoc pour l'ex-Yougoslavie et le Rwanda /
_rH. Ascensio --
_tLa Cour pénale internationale /
_rM. Bennouna --
_tLes tribunaux mixtes ou hybrides /
_rJ.-M. Sorel --
_tLe procès international --
_tProcès international et modèles de justice pénale /
_rK. Martin-Chenut --
_tLes poursuites et l'enquête du Procureur /
_rC. Laucci --
_tL'accusation /
_rC. Laucci --
_tLa procédure du jugement /
_rP. Robert --
_tL'organisation de la défense /
_rA. Simões e Silva --
_tLes droits de la défense /
_rJ-Ph. Kot --
_tLe rôle judiciaire du juge pénal international /
_rJ. de Hemptinne --
_tLa place de la victime /
_rS. Pellet --
_tLa preuve /
_rA.-M. La Rosa --
_tLe prononcé de la peine /
_rP. Kovacs --
_tLes voies de recours /
_rL. Brant,
_rF. Kallas --
_tL'exécution de la peine /
_rH. Abtahi --
_gTitre 2.
_tLa coordination internationale entre justices --
_tLa répartition et la mise en œuvre des compétences --
_tLes critères de compétence des juridictions nationales /
_rA. Yokaris --
_tLa compétence universelle /
_rG. de La Pradelle --
_tLes conflits de compétences entre juridictions nationales /
_rM. Massé,
_rL. Abou-Daher --
_tL'articulation des compérences des juridictions internes avec celles des juridictions internationales /
_rJ. Tribolo --
_rL'obligation de prendre les mesures internes nécessaires à la prévention et la répression des infractions /
_rI. Fichet-Boyle,
_rM. Mossé --
_tLa coopération internationale dans le cadre l'Interpol /
_rO. Thielen --
_tLes institutions européennes de coordination (Europol, Eurojust) /
_rR. Chemain --
_tL'entraide judiciaire dite "mineure" entre les Etats /
_rM. Ubéda-Saillard --
_tL'extradition /
_rJ.-M. Thouvenin --
_tLe mandat d'arrêt européen /
_rM. Benlolo-Carabot --
_tL'obligation de coopérer avec les juridictions pénales internationales /
_rM. Ubéda-Saillard --
_tLe transfert devant les juridictions internationales /
_rM. Dubuisson,
_rJ. Toumaj.
650 0 _aInternational criminal law.
_914452
650 0 _aInternational crimes.
_914453
650 0 _aCriminal jurisdiction.
_914454
650 0 _aCriminal procedure (International law)
_914455
650 0 _aInternational criminal courts.
_914456
650 0 _aDroit international penal
_914457
650 0 _aCrimes internationaux
_914458
650 0 _aJuridiction pénale
_914459
650 0 _aProcédure pénale (Droit international)
_914460
650 0 _aTribunaux pénaux internationaux.
_914461
700 1 _aAscensio, Hervé.
_914462
700 1 _aDecaux, Emmanuel.
_914463
700 1 _aPellet, Alain.
_914464
710 2 _aCentre de droit international de Nanterre (France)
_914465
942 _2lcc
_cBOOK